000 00610nam a2200205Ia 4500
001 16626
003 GE_BSU
008 181216s||||||||xx |||||||||||||| ||und||
040 _cGE_BSU
080 _a821.353.1-1
100 _aლებანიძე, მ.
245 _aლექსები
245 _cრედ.ი.ხოშტარია. მხ.ჯ.ყავლაშვილი
260 _aთბილისი
260 _bსახელგამი
260 _c1956
300 _a63გვ. : ილ. და პორტრ. ; 22სმ
653 _aლექსები
942 _cBK
999 _c49692
_d49692